Detalles MARC
| 000 -LÍDER |
| Campo fijo de descripción fija |
01823aam a2200325 i 4500 |
| 001 - NÚMERO DE CONTROL |
| Campo de control |
768714001 |
| 003 - IDENTIFICADOR DEL NÚMERO DE CONTROL |
| Campo de control |
CO-MdFUSB |
| 005 - FECHA Y HORA DE LA ULTIMA TRANSACCIÓN |
| control field |
20240802113957.0 |
| 007 - CAMPO FIJO DE DESCRIPCIÓN FIJA--INFORMACIÓN GENERAL |
| Campo fijo de descripción fija |
ta |
| 008 - ELEMENTOS DE LONGITUD FIJA -- INFORMACIÓN GENERAL |
| Campo fijo de descripción fija -- Información general |
240802t1995 -us |||| |||| 00| 0 eng d |
| 020 ## - NÚMERO INTERNACIONAL NORMALIZADO PARA LIBROS |
| Número Internacional Normalizado del libro |
0-8010-2059-X |
| 040 ## - FUENTE DE CATALOGACIÓN |
| Agencia que realiza la transcripción |
CO-MdFUSB |
| 041 0# - CÓDIGO DE IDIOMA |
| Código de idioma para texto/pista de sonido o título separado |
eng |
| 082 04 - NÚMERO DE CLASIFICACIÓN DECIMAL DEWEY |
| Número de clasificación |
261.2 |
| Número de la edición del Dewey |
23 |
| Clave de autor-Numero de item |
C627m |
| 100 1# - ASIENTO PRINCIPAL--NOMBRE PERSONAL |
| Nombre personal |
Clendenin, Daniel B. |
| Término relacionador |
autor |
| 245 10 - TÍTULO |
| Título del Material |
Many Gods, many Lords : |
| Parte restante del título - Subtitulo |
christianity encounters world religions |
| Mención de responsabilidad, etc. |
/ Daniel B. Clendenin |
| 264 #1 - PRODUCCIÓN, PUBLICACIÓN, DISTRIBUCIÓN, MANUFACTURA, Y COPYRIGHT |
| Nombre del productor, publicador, distribuidor |
Baker Books, |
| Lugar de producción, publicación, distribución, manufactura |
Grand Rapids, Michigan, USA : |
| Fecha de producción, publicación, distribución, manufactura, o copyright |
[1995] |
| 264 #4 - PRODUCCIÓN, PUBLICACIÓN, DISTRIBUCIÓN, MANUFACTURA, Y COPYRIGHT |
| Fecha de producción, publicación, distribución, manufactura, o copyright |
©1995 |
| 300 ## - DESCRIPCIÓN FÍSICA |
| Extensión |
189 páginas |
| Dimensiones |
; 22 cm |
| 336 ## - TIPO DE CONTENIDO |
| Término de tipo de contenido |
texto |
| Código de tipo de contenido |
txt |
| Fuente |
rdacontent |
| 337 ## - TIPO DE MEDIO |
| Fuente |
rdamedia |
| Nombre del tipo de medio |
sin mediación |
| Código del tipo de medio |
n |
| 338 ## - TIPO DE SOPORTE |
| Fuente |
rdacarrier |
| Nombre del tipo de soporte |
volumen |
| Código Tipo de soporte |
nc |
| 505 ## - NOTA DE CONTENIDO |
| Nota de contenido con formato preestablecido |
El desafío del pluralismo religioso. -- Del ateísmo secular al realismo cristiano. -- Del exclusivismo tradicional al pluralismo radical. -- El fracaso del pluralismo. -- La fe en el Antiguo Testamento y las religiones del mundo. -- Los documentos del Nuevo Testamento: Crónicas de la incredulidad.<br/> |
| 520 ## - NOTA DE RESUMEN, ETC. |
| Nota de sumario, etc. |
En una visión general, amena y concisa, Clendenin examina los tres paradigmas que los cristianos utilizan para interpretar las interrelaciones entre las religiones del mundo: exclusivismo, exclusivismo y pluralismo. Centrándose en la atractiva pero problemática posición del pluralismo, descubre que sus argumentos principales carecen de credibilidad filosófica y cristiana. Dejando de lado el exclusivismo y el exclusivismo, concluye con un estudio cuidadoso de lo que el Antiguo y el Nuevo Testamento tienen que decir sobre las verdades cristianas duales del amor salvífico universal de Dios y la particularidad de su gracia en Cristo. |
| 563 ## - NOTA DE ENCUADERNACIÓN |
| Nota de encuadernación |
Rústico |
| 650 #7 - ASIENTO SECUNDARIO DE MATERIA - TERMINO TEMÁTICO |
| Término temático o nombre geográfico como elemento de entrada |
Cristianismo |
| 9 (RLIN) |
22 |
| 942 ## - TIPO DE MATERIAL (KOHA) |
| Tipo de Item KOHA |
Libros General |
| 945 ## - INFORMACIÓN LOCAL DEL REGISTRO |
| Catalogador |
JTF-925 |